[Event "23rd European Women Club Cup 2018"]
[Site "Halkidiki"]
[Date "2018.10.14"]
[Round "3"]
[White "Heinemann, Josefine"]
[Black "Grapsa, Georgia"]
[Result "1/2-1/2"]
[WhiteElo "2308"]
[BlackElo "2085"]
[Annotator "NA"]
[PlyCount "91"]
[EventDate "2018.10.12"]
[EventType "team-tourn"]
[EventCountry "GRE"]
[SourceTitle "playchess.com"]
[Source "ChessBase"]
[SourceQuality "1"]
[WhiteTeam "Mulhouse"]
[BlackTeam "Thessaloniki"]
[TimeControl "40/5400+30:1800+30"]

1. e4 {[%emt 0:00:00]} c5 {[%emt 0:00:00]} 2. Nf3 {[%emt 0:00:00]} d6 {[%emt 0:00:00]} 3. d4 {[%emt 0:00:00]} Nf6 {[%emt 0:00:00]} 4. Nc3 {[%emt 0:00:00]} cxd4 {[%emt 0:00:00]} 5. Nxd4 {[%emt 0:00:00]} a6 {[%emt 0:00:00]} 6. Be3 {[%emt 0:00:00]} e5 {[%emt 0:00:24]} 7. Nb3 {[%emt 0:00:00]} Be6 {[%emt 0:00:03]} 8. f3 {[%emt 0:00:21]} Nbd7 {[%emt 0:01:20]} 9. Qd2 {[%emt 0:00:10]} b5 {[%emt 0:00:06]} 10. O-O-O {[%emt 0:01:05]} Rc8 {[%emt 0:02:01]} 11. g4 {[%emt 0:04:58]} Nb6 {[%emt 0:01:21]} 12. Qf2 {[%emt 0:04:07]} Nfd7 {[%emt 0:03:35]} 13. Kb1 {[%emt 0:06:39]} Qc7 {[%emt 0:06:54]} 14. Nd5 {[%emt 0:07:25]} Bxd5 {[%emt 0:00:42]} 15. exd5 {[%emt 0:00:05]} Nc4 {[%emt 0:02:49]} 16. Bxc4 {[%emt 0:05:49]} bxc4 {[%emt 0:02:51]} 17. Nc1 {[%emt 0:00:13]} Be7 {[%emt 0:06:28]} 18. Ne2 {[%emt 0:01:38]} O-O {[%emt 0:07:10]} 19. Nc3 {[%emt 0:04:25]} f5 {[%emt 0:03:02]} 20. gxf5 {[%emt 0:01:53]} Rxf5 {[%emt 0:00:19]} 21. Qg2 {[%emt 0:00:40]} Rcf8 {[%emt 0:04:39]} 22. Rdg1 {[%emt 0:03:29]} R8f7 {[%emt 0:01:59]} 23. Bh6 {[%emt 0:05:01]} g6 {[%emt 0:02:15]} 24. h4 {[%emt 0:02:16]} Rh5 {[%emt 0:05:17]} 25. Bg5 {[%emt 0:01:25]} Nb6 {[%emt 0:06:18]} 26. Qg4 {[%emt 0:07:20]} Bxg5 {[%emt 0:05:46]} 27. hxg5 {[%emt 0:00:05]} Rxh1 {[%emt 0:00:02]} 28. Rxh1 {[%emt 0:00:05]} Rf5 {[%emt 0:00:27]} 29. Qh3 {[%emt 0:05:08]} Qe7 {[%emt 0:11:47]} 30. Ne4 {[%emt 0:04:41]} Nxd5 {[%emt 0:03:23]} 31. Rd1 {[%emt 0:00:17]} Qe6 {[%emt 0:03:04]} 32. b3 {[%emt 0:05:39]} Nf4 {[%emt 0:10:00]} 33. Qf1 {[%emt 0:02:08]} d5 {[%emt 0:00:03]} 34. Nf6+ {[%emt 0:00:53]} Kg7 {[%emt 0:00:23]} 35. bxc4 {[%emt 0:01:51]} Qb6+ {[%emt 0:01:22]} 36. Ka1 {[%emt 0:02:27]} Rxg5 {[%emt 0:01:38]} 37. Nxd5 {[%emt 0:01:59]} Qa5 {[%emt 0:03:36]} 38. Qe1 {[%emt 0:02:55]} Qxe1 {[%emt 0:00:52]} 39. Rxe1 {[%emt 0:00:03]} Ne6 {[%emt 0:00:42]} 40. Kb2 {[%emt 0:00:00]} Nd4 {[%emt 0:00:00]} 41. f4 {[%emt 0:05:09]} exf4 {[%emt 0:05:45]} 42. Nxf4 {[%emt 0:01:19]} Rf5 {[%emt 0:02:14]} 43. Re4 {[%emt 0:01:38]} Nc6 {[%emt 0:03:32]} 44. Ne6+ {[%emt 0:01:03]} Kf7 {[%emt 0:01:01]} 45. Nc7 {[%emt 0:00:46]} a5 {[%emt 0:01:20]} 46. Nb5 {[%emt 0:03:21]} 1/2-1/2

[Event "23rd European Women Club Cup 2018"]
[Site "Halkidiki"]
[Date "2018.10.14"]
[Round "3"]
[White "Brunello, Marina"]
[Black "Andolfatto, Maria"]
[Result "1-0"]
[WhiteElo "2294"]
[BlackElo "2068"]
[Annotator "NA"]
[PlyCount "123"]
[EventDate "2018.10.12"]
[EventType "team-tourn"]
[EventCountry "GRE"]
[SourceTitle "playchess.com"]
[Source "ChessBase"]
[SourceQuality "1"]
[WhiteTeam "Pentole Agnelli"]
[BlackTeam "Banca Alpi Marittime"]
[TimeControl "40/5400+30:1800+30"]

1. e4 {[%emt 0:00:00]} e5 {[%emt 0:00:00]} 2. Bc4 {[%emt 0:05:07]} Nf6 {[%emt 0:05:03]} 3. d3 {[%emt 0:00:19]} Nc6 {[%emt 0:00:25]} 4. Nf3 {[%emt 0:01:53]} Bc5 {[%emt 0:02:54]} 5. O-O {[%emt 0:01:45]} d6 {[%emt 0:01:03]} 6. c3 {[%emt 0:00:31]} h6 {[%emt 0:00:58]} 7. a4 {[%emt 0:00:31]} a5 {[%emt 0:01:27]} 8. Qe2 {[%emt 0:10:42]} O-O {[%emt 0:01:39]} 9. h3 {[%emt 0:01:36]} Bb6 {[%emt 0:02:15]} 10. Na3 {[%emt 0:03:40]} Ne7 {[%emt 0:02:18]} 11. Nh4 {[%emt 0:13:52]} c6 {[%emt 0:05:36]} 12. Ba2 {[%emt 0:02:47]} Qc7 {[%emt 0:12:34]} 13. Nc4 {[%emt 0:07:22]} Ba7 {[%emt 0:01:23]} 14. Kh1 {[%emt 0:00:11]} b5 {[%emt 0:08:34]} 15. axb5 {[%emt 0:16:46]} cxb5 {[%emt 0:00:13]} 16. Ne3 {[%emt 0:00:18]} Be6 {[%emt 0:02:48]} 17. Qf3 {[%emt 0:04:45]} Rad8 {[%emt 0:06:31]} 18. Nef5 {[%emt 0:02:48]} Nxf5 {[%emt 0:03:10]} 19. Nxf5 {[%emt 0:00:05]} Bxf5 {[%emt 0:03:21]} 20. Qxf5 {[%emt 0:00:04]} Nh7 {[%emt 0:04:20]} 21. f4 {[%emt 0:01:40]} Qe7 {[%emt 0:02:08]} 22. Bd5 {[%emt 0:01:48]} Bb6 {[%emt 0:00:59]} 23. fxe5 {[%emt 0:04:47]} dxe5 {[%emt 0:04:28]} 24. c4 {[%emt 0:00:20]} Rd6 {[%emt 0:04:23]} 25. Bd2 {[%emt 0:01:11]} b4 {[%emt 0:00:45]} 26. Qf3 {[%emt 0:01:47]} Nf6 {[%emt 0:01:58]} 27. Be3 {[%emt 0:04:33]} Qa7 {[%emt 0:04:34]} 28. Bxb6 {[%emt 0:02:41]} Qxb6 {[%emt 0:00:12]} 29. Qf2 {[%emt 0:06:28]} Qxf2 {[%emt 0:00:06]} 30. Rxf2 {[%emt 0:00:13]} Ra6 {[%emt 0:00:42]} 31. b3 {[%emt 0:02:31]} Nd7 {[%emt 0:01:52]} 32. Rfa2 {[%emt 0:00:09]} Nc5 {[%emt 0:00:23]} 33. Rxa5 {[%emt 0:00:10]} Rxa5 {[%emt 0:00:05]} 34. Rxa5 {[%emt 0:00:07]} Nxd3 {[%emt 0:03:37]} 35. c5 {[%emt 0:01:39]} Rc8 {[%emt 0:02:17]} 36. c6 {[%emt 0:00:08]} Kh7 {[%emt 0:01:14]} 37. Ra7 {[%emt 0:00:55]} f6 {[%emt 0:01:47]} 38. Rb7 {[%emt 0:01:10]} Kg6 {[%emt 0:06:00]} 39. Kg1 {[%emt 0:00:36]} f5 {[%emt 0:01:25]} 40. exf5+ {[%emt 0:00:00]} Kxf5 {[%emt 0:00:00]} 41. Rxg7 {[%emt 0:04:12]} Nf4 {[%emt 0:12:59]} 42. Bf3 {[%emt 0:01:44]} Ne6 {[%emt 0:00:16]} 43. Rb7 {[%emt 0:04:01]} e4 {[%emt 0:03:30]} 44. Bg4+ {[%emt 0:04:25]} Ke5 {[%emt 0:01:14]} 45. Rxb4 {[%emt 0:00:18]} Rxc6 {[%emt 0:03:08]} 46. Rxe4+ {[%emt 0:00:11]} Kxe4 {[%emt 0:00:16]} 47. Bf3+ {[%emt 0:00:03]} Kf4 {[%emt 0:12:47]} 48. Bxc6 {[%emt 0:00:04]} Nd4 {[%emt 0:00:08]} 49. Bd5 {[%emt 0:00:16]} Kg3 {[%emt 0:00:45]} 50. b4 {[%emt 0:01:30]} h5 {[%emt 0:02:49]} 51. Bc4 {[%emt 0:00:26]} h4 {[%emt 0:01:13]} 52. b5 {[%emt 0:00:09]} Nf5 {[%emt 0:00:30]} 53. b6 {[%emt 0:00:06]} Nd6 {[%emt 0:00:06]} 54. Bd5 {[%emt 0:00:07]} Kf4 {[%emt 0:00:48]} 55. b7 {[%emt 0:00:06]} Nxb7 {[%emt 0:00:10]} 56. Bxb7 {[%emt 0:00:05]} Kg3 {[%emt 0:00:33]} 57. Kf1 {[%emt 0:00:05]} Kf4 {[%emt 0:00:19]} 58. Ke2 {[%emt 0:00:04]} Kf5 {[%emt 0:00:55]} 59. Kf3 {[%emt 0:00:03]} Kg5 {[%emt 0:00:08]} 60. Be4 {[%emt 0:00:04]} Kh5 {[%emt 0:00:21]} 61. Kf4 {[%emt 0:00:07]} Kh6 {[%emt 0:00:07]} 62. Kg4 {[%emt 0:00:04]} 1-0

[Event "23rd European Women Club Cup 2018"]
[Site "Halkidiki"]
[Date "2018.10.14"]
[Round "3"]
[White "Klinova, Masha"]
[Black "Osmak, Iulija"]
[Result "0-1"]
[WhiteElo "2288"]
[BlackElo "2405"]
[Annotator "TA"]
[PlyCount "174"]
[EventDate "2018.10.12"]
[EventType "team-tourn"]
[EventCountry "GRE"]
[SourceTitle "playchess.com"]
[Source "ChessBase"]
[SourceQuality "1"]
[WhiteTeam "Beer Sheva"]
[BlackTeam "Kyiv"]

{[%evp 19,174,-26,-10,-23,20,0,0,-16,0,0,0,0,-3,-10,36,36,33,37,64,31,24,13,23,0,20,20,31,20,36,37,41,29,91,12,14,0,0,0,0,0,0,-11,-12,-11,-14,-28,-6,-9,-15,-39,-8,-8,-8,-8,-8,-14,0,-8,-7,-4,0,-6,0,-8,0,-3,0,-7,-4,-14,0,0,0,-5,8,8,8,0,6,-8,-8,-735,-730,-1088,-1063,-1069,-1039,-704,-272,-852,-803,-9683,-9524,-9549,-9507,-8602,-8027,-6712,-6714,-6592,-6583,-29947,-29950,-12850,-6020,-6465,-6031,-4639,-3077,-3440,-2992,-7009,-4687,-3496,-2825,-3447,-3021,-2308,-1463,-29958,-29960,-29959,-29954,-29949,-29951,-29957,-29960,-29961,-29961,-29956,-2200,-12845,-12843,-29942,-29946,-12847,-12827,-29970,-29972,-29973,-29974,-29974,-29975,-29977,-29978,-29978,-29978,-29978,-29979,-29979,-29980,-29980,-29979,-29982,-29983,-29991,-29992]} 1. e4 e6 2. d3 d5 3. Nd2 Nf6 4. Ngf3 g6 5. g3 Bg7 6. Bg2 c5 7. O-O O-O 8. Re1 Nc6 9. Qe2 a5 {A08: King's Indian Attack} (9... b6 10. Nf1 e5 11. exd5 Nxd5 12. Ne3 Nxe3 13. Bxe3 Bb7 14. Qd2 Re8 15. Bh6 Qd7 16. Bxg7 Kxg7 17. a3 f6 {½-½ (58) Sengupta,D (2587)-Sjugirov,S (2650) St Petersburg 2017}) 10. Nf1 a4 {LiveBook: 3 Games} 11. e5 {Bg5 is the strong threat.} Ng4 {Black has an edge.} 12. Bf4 a3 13. c3 axb2 14. Qxb2 f6 15. exf6 Qxf6 16. h3 Qxc3 $146 ({But not} 16... e5 $2 17. Bg5 $18) ({Predecessor:} 16... Nh6 17. Ne5 {1-0 (42) Larmuseau,M (2143)-Borgo,G (2381) Trieste 2014}) 17. Qxc3 Bxc3 18. hxg4 Nb4 19. Rac1 Bxe1 20. Nxe1 b6 21. Bc7 Nxa2 22. Ra1 Ra6 23. Bxb6 Rxb6 24. Rxa2 Ba6 25. Nd2 Kf7 (25... g5 $11) 26. Rc2 (26. g5 $16) 26... Rc8 27. Nef3 Ke7 28. Ne5 g5 29. Bf1 Rc7 30. f4 gxf4 31. gxf4 Rb4 $1 32. Ra2 Bc8 33. Kg2 Rxf4 34. Be2 Kd6 35. Ndf3 Rb4 36. Kf2 Bb7 37. Kg3 Rg7 38. Kf2 Rg8 39. Nf7+ $1 Kc7 40. N7e5 Rg7 41. Rc2 Kb6 42. Ra2 Ba6 43. Rc2 Bb5 44. Ra2 Rg8 45. Ra1 Rb2 46. Rh1 c4 47. dxc4 dxc4 48. Rc1 Rc8 49. Nd4 Rc5 50. Nxb5 $2 {[%mdl 8192]} (50. Nf7 $11) 50... Rxe2+ $1 $19 ({Weaker is} 50... Kxb5 51. Nf3 $15) ({Inferior is} 50... Rxe5 51. Nc3 $15) 51. Kxe2 Rxe5+ 52. Kd2 Kxb5 {[%mdl 4096] Endgame KR-KR} 53. Rh1 Rd5+ $2 (53... Rg5 54. Rxh7 Rxg4) 54. Kc2 $2 (54. Kc3) 54... Rg5 55. Rxh7 Rxg4 56. Re7 Re4 $1 57. Kc3 Kc5 58. Rc7+ Kd5 59. Rd7+ Ke5 $1 60. Rf7 Rd4 61. Rh7 Rf4 (61... Rd1 $142 62. Kxc4 Ke4 63. Rh4+ Ke3) 62. Rh5+ Kd6 $1 63. Rh8 Rg4 64. Rd8+ Ke5 65. Rf8 Rh4 66. Re8 Rf4 67. Re7 Kf6 68. Re8 e5 69. Rc8 Rd4 70. Rf8+ Ke6 71. Rh8 Kd5 72. Rd8+ {[#]} Ke4 $1 73. Re8 Rd7 74. Rh8 Ra7 (74... Kf4 $142 75. Rf8+ Ke3 76. Rg8 e4 77. Kxc4 Kd2 78. Rg2+ Ke1 79. Rg1+ Kf2 80. Rg8 e3 81. Rf8+ Ke1 82. Kc3 Rc7+ 83. Kb3 e2 84. Kb2 Rc4 85. Kb3 {[#]} Kd2 $1 {[%mdl 512]} 86. Rd8+ Kc1 87. Kxc4 e1=Q 88. Rd4 Kc2 89. Kd5 Qe3 90. Re4 Qb3+ 91. Kd4 Qb6+ 92. Ke5 Kd3 93. Kf5 Qf2+ 94. Rf4 Qc5+ 95. Kg4 Qg1+ 96. Kh5 Qg8 97. Rf1 Qd5+ 98. Kh6 Qg8 99. Kh5 Qd5+ 100. Kh6 Qg8 101. Kh5) 75. Re8 Ra1 76. Re7 Rd1 77. Re8 Kf4 78. Kxc4 e4 {[%cal Be5e4,Be4e3,Be3e2][%mdl 32] Black mates.} 79. Kc3 e3 80. Kc2 Rd7 81. Rf8+ Kg3 82. Re8 Kf2 83. Rf8+ Ke1 84. Re8 e2 85. Rc8 Re7 86. Ra8 Kf2 87. Rf8+ Ke3 {Precision: White = 31%, Black = 67%.} 0-1

[Event "23rd European Women Club Cup 2018"]
[Site "Halkidiki"]
[Date "2018.10.14"]
[Round "3"]
[White "Semenova, Elena"]
[Black "Fataliyeva, Ulviyya"]
[Result "1-0"]
[WhiteElo "2263"]
[BlackElo "2320"]
[Annotator "NA"]
[PlyCount "127"]
[EventDate "2018.10.12"]
[EventType "team-tourn"]
[EventCountry "GRE"]
[SourceTitle "playchess.com"]
[Source "ChessBase"]
[SourceQuality "1"]
[WhiteTeam "SSHOR"]
[BlackTeam "Odlar Yurdu"]
[TimeControl "40/5400+30:1800+30"]

1. e4 {[%emt 0:00:00]} e6 {[%emt 0:00:00]} 2. d4 {[%emt 0:00:00]} d5 {[%emt 0:00:00]} 3. Nd2 {[%emt 0:00:00]} a6 {[%emt 0:00:00]} 4. Ngf3 {[%emt 0:00:13]} c5 {[%emt 0:00:00]} 5. exd5 {[%emt 0:00:15]} exd5 {[%emt 0:00:00]} 6. dxc5 {[%emt 0:00:16]} Bxc5 {[%emt 0:00:00]} 7. Bd3 {[%emt 0:00:10]} Nf6 {[%emt 0:00:19]} 8. Nb3 {[%emt 0:00:49]} Bb6 {[%emt 0:00:09]} 9. Qe2+ {[%emt 0:00:21]} Be6 {[%emt 0:02:47]} 10. Nbd4 {[%emt 0:01:02]} Qe7 {[%emt 0:18:43]} 11. O-O {[%emt 0:04:01]} O-O {[%emt 0:00:44]} 12. Bf4 {[%emt 0:11:21]} Nc6 {[%emt 0:02:12]} 13. c3 {[%emt 0:10:19]} Rfe8 {[%emt 0:02:48]} 14. Rfe1 {[%emt 0:02:00]} Nxd4 {[%emt 0:30:07]} 15. Nxd4 {[%emt 0:05:43]} Bxd4 {[%emt 0:04:27]} 16. cxd4 {[%emt 0:00:07]} Qd7 {[%emt 0:00:13]} 17. Qc2 {[%emt 0:13:28]} Rac8 {[%emt 0:00:49]} 18. Qb1 {[%emt 0:00:46]} h6 {[%emt 0:02:49]} 19. h3 {[%emt 0:02:55]} Qa4 {[%emt 0:07:27]} 20. Qd1 {[%emt 0:02:23]} Qd7 {[%emt 0:05:29]} 21. Re5 {[%emt 0:07:57]} Nh7 {[%emt 0:04:14]} 22. Qh5 {[%emt 0:02:14]} f6 {[%emt 0:02:43]} 23. Re3 {[%emt 0:05:34]} Bf7 {[%emt 0:00:50]} 24. Qf5 {[%emt 0:01:20]} Qxf5 {[%emt 0:03:39]} 25. Rxe8+ {[%emt 0:00:37]} Rxe8 {[%emt 0:00:42]} 26. Bxf5 {[%emt 0:00:04]} Nf8 {[%emt 0:01:21]} 27. Rc1 {[%emt 0:02:56]} Be6 {[%emt 0:00:10]} 28. g4 {[%emt 0:01:46]} g6 {[%emt 0:01:14]} 29. Bd3 {[%emt 0:04:08]} g5 {[%emt 0:00:10]} 30. Bd6 {[%emt 0:03:04]} Rc8 {[%emt 0:00:37]} 31. Re1 {[%emt 0:01:15]} Rc6 {[%emt 0:00:48]} 32. Bc5 {[%emt 0:02:50]} Nd7 {[%emt 0:02:54]} 33. b4 {[%emt 0:00:45]} Nxc5 {[%emt 0:02:08]} 34. bxc5 {[%emt 0:02:16]} Kf7 {[%emt 0:00:48]} 35. Rb1 {[%emt 0:00:33]} Rc7 {[%emt 0:00:29]} 36. Bf5 {[%emt 0:04:12]} Bd7 {[%emt 0:02:33]} 37. Bxd7 {[%emt 0:02:30]} Rxd7 {[%emt 0:00:01]} 38. Rb6 {[%emt 0:01:18]} Kg6 {[%emt 0:03:03]} 39. f3 {[%emt 0:00:29]} Kg7 {[%emt 0:00:56]} 40. Kf2 {[%emt 0:00:00]} Kf7 {[%emt 0:00:00]} 41. a4 {[%emt 0:07:57]} Kg7 {[%emt 0:04:42]} 42. a5 {[%emt 0:00:38]} Kf7 {[%emt 0:00:43]} 43. Kg3 {[%emt 0:06:21]} Kg6 {[%emt 0:03:56]} 44. h4 {[%emt 0:01:23]} gxh4+ {[%emt 0:06:28]} 45. Kxh4 {[%emt 0:00:05]} Kf7 {[%emt 0:01:03]} 46. f4 {[%emt 0:04:01]} Re7 {[%emt 0:02:07]} 47. f5 {[%emt 0:00:43]} Re4 {[%emt 0:01:44]} 48. Rxb7+ {[%emt 0:00:07]} Ke8 {[%emt 0:00:18]} 49. Rb4 {[%emt 0:03:54]} Kd7 {[%emt 0:00:34]} 50. Kh5 {[%emt 0:00:17]} Kc7 {[%emt 0:00:39]} 51. Kg6 {[%emt 0:01:15]} Rxg4+ {[%emt 0:00:12]} 52. Kxf6 {[%emt 0:00:03]} h5 {[%emt 0:06:23]} 53. Ke5 {[%emt 0:01:25]} h4 {[%emt 0:00:21]} 54. Rb6 {[%emt 0:00:53]} Rg1 {[%emt 0:04:20]} 55. Rh6 {[%emt 0:00:29]} Rh1 {[%emt 0:00:05]} 56. Kxd5 {[%emt 0:00:16]} h3 {[%emt 0:00:04]} 57. Rh7+ {[%emt 0:00:24]} Kb8 {[%emt 0:00:16]} 58. Kc6 {[%emt 0:01:47]} h2 {[%emt 0:00:07]} 59. d5 {[%emt 0:00:13]} Rf1 {[%emt 0:00:57]} 60. Rxh2 {[%emt 0:00:29]} Rxf5 {[%emt 0:00:06]} 61. d6 {[%emt 0:00:14]} Rf6 {[%emt 0:00:31]} 62. Rh8+ {[%emt 0:00:36]} Ka7 {[%emt 0:00:05]} 63. Rh7+ {[%emt 0:00:09]} Kb8 {[%emt 0:00:14]} 64. Kb6 {[%emt 0:00:28]} 1-0

[Event "23rd European Women Club Cup 2018"]
[Site "Halkidiki"]
[Date "2018.10.14"]
[Round "3"]
[White "Injac, Teodora"]
[Black "Muzychuk, Anna"]
[Result "0-1"]
[WhiteElo "2258"]
[BlackElo "2555"]
[Annotator "TA"]
[PlyCount "66"]
[EventDate "2018.10.12"]
[EventType "team-tourn"]
[EventCountry "GRE"]
[SourceTitle "playchess.com"]
[Source "ChessBase"]
[SourceQuality "1"]
[WhiteTeam "Maribor"]
[BlackTeam "Monte-Carlo"]

{[%evp 11,66,-8,0,0,-13,-13,10,11,11,2,1,8,4,-91,-93,-110,-106,-105,-103,-122,-114,-117,-80,-174,-166,-170,-168,-166,-168,-172,-173,-245,-241,-310,-307,-298,-306,-345,-345,-342,-344,-342,-331,-335,-354,-346,-335,-356,-347,-406,-407,-395,-392,-486,-498,-759,-754]} 1. d4 Nf6 2. Nf3 g6 3. c4 Bg7 4. Nc3 d5 5. e3 O-O 6. Bd2 e6 {LiveBook: 48 Games} 7. Bd3 {D94: Grünfeld: 4 Nf3 Bg7 5 e3} (7. Rc1 b6 8. cxd5 exd5 9. b4 c6 10. Be2 Bb7 11. O-O Nbd7 12. Qb3 Qe7 13. Rfd1 Rfd8 14. a4 Rab8 15. Be1 Ba8 {½-½ (39) Bu,X (2718)-Li,C (2725) Ningbo 2018}) 7... dxc4 8. Bxc4 b6 9. O-O {The position is equal.} Bb7 10. Qe2 $146 ({Predecessor:} 10. Rc1 a5 11. Re1 Nc6 12. Qe2 Re8 13. Bb5 Re7 14. Red1 Nb4 15. a3 {1-0 (49) Almeida,C (1950)-Da Costa,J (2042) Natal 2010}) 10... Nbd7 11. e4 c5 12. dxc5 (12. Rfd1 $11) 12... Nxc5 $17 {[%cal Rf6e4]} 13. Rad1 Nfxe4 14. Nxe4 Bxe4 (14... Nxe4 $6 15. Bb4 $11) 15. Bf4 Qf6 16. Bd6 Rfc8 ({Much worse is} 16... Qxb2 $6 17. Qxb2 Bxb2 18. Bxf8 $15) 17. b4 (17. Ne5 $17 {keeps fighting.}) 17... Bxf3 $1 $19 18. Qxf3 Qxf3 19. gxf3 {[#]} Na4 $1 20. Ba6 Rc2 {Threatens to win with ...Nc3.} 21. a3 (21. Bb7 $142 Rd8 22. Bf4) 21... Nc3 22. Rc1 Ra2 23. Kg2 Rd8 24. Be7 Rd7 ({Not} 24... Rxa3 25. Bxd8 Rxa6 26. Ra1 $15) 25. Bg5 Rxa3 26. b5 h6 27. Be3 Rb3 28. Bc8 Rd3 29. Ba6 Rb2 30. Kh3 Kh7 31. Rfe1 g5 32. Kg2 f5 33. f4 (33. Ra1 $142 Nd5 34. Bc1) 33... Nd5 {Precision: White = 26%, Black = 90%.} 0-1

[Event "23rd European Women Club Cup 2018"]
[Site "Halkidiki"]
[Date "2018.10.14"]
[Round "3"]
[White "De Rosa, Mariagrazia"]
[Black "Paehtz, Elisabeth"]
[Result "0-1"]
[WhiteElo "2131"]
[BlackElo "2513"]
[Annotator "ChessBase"]
[PlyCount "50"]
[EventDate "2018.10.12"]
[EventType "team-tourn"]
[EventCountry "GRE"]
[SourceTitle "playchess.com"]
[Source "ChessBase"]
[SourceQuality "1"]
[WhiteTeam "Banca Alpi Marittime"]
[BlackTeam "Pentole Agnelli"]
[TimeControl "40/5400+30:1800+30"]

1. e4 {[%emt 0:00:00]} e6 {[%emt 0:00:00]} 2. f4 {[%emt 0:02:08]} d5 {[%emt 0:00:00]} 3. e5 {[%emt 0:00:11]} c5 {[%emt 0:00:47]} 4. Nf3 {[%emt 0:00:39]} Nc6 {[%emt 0:01:01]} 5. c3 {[%emt 0:13:18]} Nh6 {[%emt 0:04:04]} 6. Bd3 {[%emt 0:05:45]} c4 {[%emt 0:03:18]} 7. Bc2 {[%emt 0:19:26]} Bc5 {[%emt 0:04:03]} 8. Qe2 {[%emt 0:09:57]} a6 {[%emt 0:06:08]} 9. h3 {[%emt 0:02:41]} Nf5 {[%emt 0:05:46]} 10. Bxf5 {[%emt 0:01:21]} exf5 {[%emt 0:00:03]} 11. d4 {[%emt 0:03:58]} cxd3 {[%emt 0:00:02]} 12. Qxd3 {[%emt 0:00:04]} d4 {[%emt 0:03:31]} 13. cxd4 {[%emt 0:08:42]} Nxd4 {[%emt 0:00:04]} 14. Nxd4 {[%emt 0:00:33]} Bxd4 {[%emt 0:07:05]} 15. Nc3 {[%emt 0:01:49]} Be6 {[%emt 0:00:54]} 16. Be3 {[%emt 0:09:13]} Qh4+ {[%emt 0:00:08]} 17. Kd2 {[%emt 0:01:35]} Rd8 {[%emt 0:13:33]} 18. Bxd4 {[%emt 0:12:45]} Qxf4+ {[%emt 0:00:03]} 19. Kc2 {[%emt 0:01:39]} Rxd4 {[%emt 0:00:03]} 20. Ne2 {[%emt 0:01:26]} Rc4+ {[%emt 0:00:18]} 21. Kd1 {[%emt 0:00:33]} Qxe5 {[%emt 0:01:37]} 22. Rc1 {[%emt 0:00:24]} Re4 {[%emt 0:01:12]} 23. Rc2 {[%emt 0:00:54]} O-O {[%emt 0:02:48]} 24. Rf1 {[%emt 0:02:20]} Re3 {[%emt 0:00:37]} 25. Qd2 {[%emt 0:00:19]} Bxa2 {[%emt 0:01:15]} 0-1

[Event "23rd European Women Club Cup 2018"]
[Site "Halkidiki"]
[Date "2018.10.14"]
[Round "3"]
[White "Richard, Emma"]
[Black "Tsivelekidou, Anthoula Elpida"]
[Result "1-0"]
[WhiteElo "2127"]
[BlackElo "1147"]
[Annotator "NA"]
[PlyCount "63"]
[EventDate "2018.10.12"]
[EventType "team-tourn"]
[EventCountry "GRE"]
[SourceTitle "playchess.com"]
[Source "ChessBase"]
[SourceQuality "1"]
[WhiteTeam "Mulhouse"]
[BlackTeam "Thessaloniki"]
[TimeControl "40/5400+30:1800+30"]

1. e4 {[%emt 0:00:00]} e6 {[%emt 0:00:00]} 2. d4 {[%emt 0:00:00]} d5 {[%emt 0:00:00]} 3. Nd2 {[%emt 0:00:00]} dxe4 {[%emt 0:00:00]} 4. Nxe4 {[%emt 0:00:00]} Bd7 {[%emt 0:00:00]} 5. Nf3 {[%emt 0:00:16]} Bc6 {[%emt 0:00:00]} 6. Bd3 {[%emt 0:01:02]} Nd7 {[%emt 0:00:04]} 7. O-O {[%emt 0:01:08]} Ngf6 {[%emt 0:00:06]} 8. Ng3 {[%emt 0:03:18]} Bxf3 {[%emt 0:03:06]} 9. Qxf3 {[%emt 0:00:16]} c6 {[%emt 0:00:05]} 10. c3 {[%emt 0:05:33]} Bd6 {[%emt 0:03:04]} 11. Re1 {[%emt 0:02:05]} O-O {[%emt 0:01:36]} 12. Bg5 {[%emt 0:03:53]} Qc7 {[%emt 0:02:01]} 13. Ne4 {[%emt 0:16:43]} Bxh2+ {[%emt 0:10:24]} 14. Kh1 {[%emt 0:00:06]} Nxe4 {[%emt 0:00:24]} 15. Qxe4 {[%emt 0:06:24]} g6 {[%emt 0:01:04]} 16. f4 {[%emt 0:02:44]} Bg3 {[%emt 0:12:18]} 17. Re3 {[%emt 0:00:41]} Bf2 {[%emt 0:00:13]} 18. Rf3 {[%emt 0:00:29]} Bxd4 {[%emt 0:00:28]} 19. cxd4 {[%emt 0:00:22]} Qb6 {[%emt 0:03:53]} 20. b3 {[%emt 0:06:26]} Qb4 {[%emt 0:09:06]} 21. Rc1 {[%emt 0:08:58]} a5 {[%emt 0:03:02]} 22. Rh3 {[%emt 0:04:44]} Rfe8 {[%emt 0:02:13]} 23. Rc4 {[%emt 0:02:50]} Qa3 {[%emt 0:01:30]} 24. Rc2 {[%emt 0:02:49]} a4 {[%emt 0:00:40]} 25. Bc4 {[%emt 0:02:14]} Qd6 {[%emt 0:05:23]} 26. bxa4 {[%emt 0:03:00]} Rxa4 {[%emt 0:00:33]} 27. f5 {[%emt 0:01:15]} Raa8 {[%emt 0:05:54]} 28. fxg6 {[%emt 0:02:59]} fxg6 {[%emt 0:02:19]} 29. Rf2 {[%emt 0:01:28]} c5 {[%emt 0:04:35]} 30. Rxh7 {[%emt 0:02:28]} Kxh7 {[%emt 0:01:48]} 31. Rf7+ {[%emt 0:00:06]} Kh8 {[%emt 0:00:09]} 32. Qh4+ {[%emt 0:00:04]} 1-0